000 01484nam0a22003011 4500
001 rc\4294882
005 20130416124230.4
021 _aRU
_b[62-40449]
035 _a(NLR Aleph) 008498342
090 _a8092982
_c8092982
100 _a20130416d1962 |||y0rusy50 ca
101 0 _arus
102 _aRU
105 _aa b |||||
200 1 _aБыки-производители Кировоградской области (используемые на государственных станциях и пунктах по искусственному осеменению сельскохозяйственных животных)
_eКаталог
_fМ-во сел. хозяйства УССР
210 _aКиев
_cГоссельхозиздат УССР
_d1962
215 _a58 с.
_cил.
_d27
300 _aНа обороте тит. л. сост.: канд. с.-х. наук И.К. Паламаренко, Н.Г. Бондаренко, О.Д. Шмыголь
606 _aБыки-производители, племенные
_yКировоградская область
_jКаталоги
_2psbo
702 1 _aБондаренко
_bН. Г.
_4220
702 1 _aШмыголь
_bО. Д.
_4220
702 1 _aПаламаренко
_bИ. К.
_4220
712 0 1 _aУССР
_bМинистерство сельского хозяйства
_3RU\NLR\AUTH\889924597
801 0 _aRU
_bNLR
_gpsbo
801 1 _aRU
_bELAR
_2rusmarc
852 _aNLR
_j62-8/1309
942 _cBOOK
980 _aNB